000 00309nam a2200121Ia 4500
008 220204s9999 xx 000 0 und d
082 _a342.72/.73
_bGRA
100 _aGRANT, Lawrence
245 0 _aCivil liberty: The NCCL guide to your rights
250 _a3
260 _aEngland
_bPenguin
_c1972
942 _cBK
999 _c28070
_d28070